000 00390nam a22001697a 4500
003 OSt
005 20211125155111.0
008 211125b |||||||| |||| 00| 0 eng d
020 _a0070409192
040 _cHU
082 _2657.042
100 _aMautlich. Serge.
_920598
245 _aFINANCIAL ACCOUNTING
260 _aNEW YORK
_bLONDON
_c1960
300 _a920
942 _2ddc
_cBOOKS
_n0
999 _c20220
_d20220